The 3ḫ i︣ḳr n Rc-stelae on ancestor worship in ancient Egypt /
Main Author:
Format: Book
Language: English
Published:
Leiden :
Nederlands Instituut voor het Nabije Oosten,
1983.
Series:
Egyptologische uitgaven ;
3.
EgUit ;
3.
Subjects:
Tags: Add Tag
Call Number: DT57 .U35 v.3
| LEADER | 01053namaa2200313 4500 | ||
|---|---|---|---|
| 001 | 13369 | ||
| 003 | OSt | ||
| 005 | 20260422130353.0 | ||
| 008 | 130303s1983 ne a b 001 0 eng d | ||
| 020 | |a 9062582036 | ||
| 040 | |c ARCE Library | ||
| 043 | |a f-ua--- | ||
| 050 | 4 | |a DT57 .U35 v.3 | |
| 100 | 1 | |a Demarée, R. J., |q (Robert Johannes), |e author | |
| 245 | 1 | 4 | |a The 3ḫ i︣ḳr n Rc-stelae on ancestor worship in ancient Egypt / |c by R. J. Demarée. |
| 264 | 1 | |a Leiden : |b Nederlands Instituut voor het Nabije Oosten, |c 1983. | |
| 300 | |a vii, 348 pages : |b illustrations ; |c 27 cm. | ||
| 490 | 1 | |a Egyptologische uitgaven ; |v 3. | |
| 490 | 1 | |a EgUit ; |v 3. | |
| 500 | |a Thesis (Ph.D.)--University of Amsterdam, 1983. | ||
| 504 | |a Includes bibliographical references (291-299) and index. | ||
| 650 | 0 | |a Stele (Archaeology) |z Egypt. | |
| 650 | 0 | |a Ancestor worship |z Egypt. |9 1604 | |
| 651 | 0 | |a Egypt |x Antiquities. | |
| 830 | 0 | |a Egyptologische uitgaven ; |v 3. | |
| 830 | 0 | |a EgUit ; |v 3. | |
| 901 | |a reviewed | ||
| 942 | |c BK |2 lcc | ||
| 999 | |c 13267 |d 13267 | ||
